000 01020nas a2200337 4500
001 BR2015000751
003 BR-BrBNA
005 20231205125001.0
007 ta
008 230509b bl.|||p| |||| 00| 00por d
040 _aBR-BrBNA
_bpor
_cBiblioteca Nacional de Agricultura
041 _a(En)
072 _aF30; F60
100 1 _aTorres Netto, A.
100 1 _aCampostrini, E.
100 1 _aAzevedo, L.C.
100 1 _aSouza, M.A.
100 1 _aRamalho, J.C.
100 1 _aChaves, M.M.
245 1 _aMorphological analysis and photosynthetic performance of improved papaya genotypes
650 _aCARICA PAPAYA
650 _aMAMAO
650 _aCRESCIMENTO
650 _aFISIOLOGIA VEGETAL
650 _aGENOTIPO
650 _aHIBRIDACAO
773 0 _tBrazilian Journal of Plant Physiology (Brazil)
_xISSN 1677-0420
_g(2009), v. 21(3) p. 209-222
_wBR2015000751
856 4 0 _uhttp://www.scielo.br/pdf/bjpp/v21n3/v21n3a05.pdf
909 _a202311
_bLúcia
_c55
_dLúcia Elande
942 _2AGRIS
_n0
_cANA
999 _c241984
_d241984